| 000 | 00687cam a2200241 4500500 | ||
|---|---|---|---|
| 005 | 20260329004300.0 | ||
| 041 | _afre | ||
| 042 | _adc | ||
| 100 | 1 | 0 |
_aRenouard, Guillaume _eauthor |
| 245 | 0 | 0 | _aRalph Echemendia. Hacker éthique |
| 260 | _c2019. | ||
| 500 | _a75 | ||
| 690 | _aAutonomie | ||
| 690 | _aCharles Perragin | ||
| 690 | _aÉtats-Unis | ||
| 690 | _aHacker | ||
| 690 | _aInformatique | ||
| 690 | _aPirate | ||
| 690 | _aRalph Echemendia | ||
| 690 | _aSurveillance | ||
| 786 | 0 | _nPhilosophie magazine | 130 | 6 | 2019-06-01 | p. 4-4 | 1951-1787 | |
| 856 | 4 | 1 | _uhttps://shs.cairn.info/magazine-philosophie-magazine-2019-6-page-4?lang=fr&redirect-ssocas=7080 |
| 999 |
_c1832449 _d1832449 |
||